000 01053naa a22002777a 4500
001 BR6900287
003 BR-BrBNA
005 20240918173347.0
007 ta
008 230509b bl.||||| |||| 00| 0 por d
040 _aBR-BrBNA
_bpor
_cBiblioteca Nacional de Agricultura
041 _a(Pt)
072 _aC00
_b/G514
090 _aC00 BR6900287
100 1 _aCalil, J.
111 1 _a1. Encontro de Engenheiros Agronomos do Nordeste
_cFortaleza, CE (Brazil)
_d27 Oct 1968
245 1 _aA profissao de engenheiro-agronomo no Brasil
260 3 _aFortaleza, CE (Brasil):
_bImprensa Universitaria do Ceara,
_c1969.
500 _aAnais do 1. Encontro de Engenheiros-Agronomos do Nordeste Fortaleza, CE (Brasil): Imprensa Universitaria do Ceara, 1969. p. 105-111 (BR6900287-AM)C00
650 _aEducacao
650 _aAgronomia
650 _aEnsino
773 0 _tAnais do 1. Encontro de Engenheiros-Agronomos do Nordeste
_wC00 BR6900287
_gFortaleza, CE (Brasil), 1969. p. 105-111
909 _a202404
_bLucia
_c55
_dLucia Elande
942 _cAM
_2AGRIS
999 _c304170
_d304170